000 00628nam a2200241Ia 4500
003 OSt
005 20221007082340.0
006 a|||||r|||| 00| 0
007 ta
008 221006b |||||||| |||| 00| 0 eng d
024 _a22,201
037 _cReference Collections
040 _aFLL
_cFLL
_beng
041 _2eng
_aeng
082 _aZ237,186qN56, L2
110 _aGovt. of Rajasthan
245 0 _aRajustan municipalities act, 1959
260 _c1972
300 _ax,166p
_ccm.
700 _aGovt. of Rajasthan
942 _hZ237,186qN56, L2
_cREF
_2CC
999 _c1166147
_d1166147